000 00878nam a2200337Ia 4500
005 20260514124336.0
008 008 261405s9999 xx 000 0 eng d
037 _aThesis
040 _aCRL
040 _beng
040 _cCRL
041 _2eng
041 _aeng
084 _qCRL
100 _aAbhaya Saurabh Singh
_91239443
245 0 _aSynthesis Characterization and Evaluation of New Quinoxaline Derivatives for Antibacterial and Antifungal Activities.
260 _aDelhi
260 _bUniversity of Delhi
260 _c2014
300 _a81p.
502 _bPh.D.
502 _cUniversity of Delhi
502 _d2014
541 _oThesis
650 _aPharmaceutics (DIPSAR)
700 _aDr.D.P.Pathak
700 _aDr.Monika Gupta
_91239445
710 _aPharmaceutics (DIPSAR)
_91239426
942 _cTH
999 _c1851696
_d1851696